<?xml version="1.0" encoding="UTF-8"?>
<collection xmlns="http://www.loc.gov/MARC21/slim">
 <record>
  <leader>04609nam a2200361 a 4500</leader>
  <controlfield tag="001">kal4162</controlfield>
  <controlfield tag="003">Gr-AtHEAL</controlfield>
  <controlfield tag="005">20160422125250.0</controlfield>
  <controlfield tag="006">m        d        </controlfield>
  <controlfield tag="008">160413s2015    gr      s           gre|c</controlfield>
  <datafield tag="020" ind1=" " ind2=" ">
   <subfield code="a">9789606031021</subfield>
  </datafield>
  <datafield tag="040" ind1=" " ind2=" ">
   <subfield code="a">GR-AtHEAL</subfield>
   <subfield code="b">gre</subfield>
   <subfield code="c">GR-AtHEAL</subfield>
  </datafield>
  <datafield tag="082" ind1="0" ind2="4">
   <subfield code="a">796.54</subfield>
   <subfield code="2">23</subfield>
  </datafield>
  <datafield tag="100" ind1="1" ind2=" ">
   <subfield code="a">Ιωαννίδου, Ευαγγελία.</subfield>
   <subfield code="8">858</subfield>
  </datafield>
  <datafield tag="245" ind1="1" ind2="0">
   <subfield code="a">Μάνατζμεντ-μάρκετινγκ για αναψυχή κατασκηνώσεων</subfield>
   <subfield code="h">[Ηλεκτρονικός πόρος] </subfield>
   <subfield code="b">Μέθοδοι-στρατηγικές-δραστηριότητες αναψυχής-εκπαίδευση στελεχών-παιδικές κατασκηνώσεις/πρακτικός οδηγός για εκπαιδευτικούς και στελέχη των κατασκηνώσεων</subfield>
   <subfield code="c">Ιωαννίδου, Ευαγγελία ; Κριτικός αναγνώστης, Κουθούρης Χαρίλαος ; Γραφιστική επιμέλεια,Κουμαρτζής, Νικόλαος ; Τεχνική επιμέλεια,Κουμαρτζής, Νικόλαος ; Γλωσσική επιμέλεια,Τζιάφα, Ελένη.</subfield>
  </datafield>
  <datafield tag="260" ind1=" " ind2=" ">
   <subfield code="a">Αθήνα :</subfield>
   <subfield code="b">Σύνδεσμος Ελληνικών Ακαδημαϊκών Βιβλιοθηκών,</subfield>
   <subfield code="c">c2015.</subfield>
  </datafield>
  <datafield tag="490" ind1=" " ind2=" ">
   <subfield code="a">Ακαδημαϊκά Ηλεκτρονικά Συγγράμματα και Βοηθήματα Κάλλιπος</subfield>
   <subfield code="8">40</subfield>
  </datafield>
  <datafield tag="520" ind1=" " ind2=" ">
   <subfield code="a">Το βιβλίο αυτό απευθύνεται σε προπτυχιακούς και μεταπτυχιακούς φοιτητές που διδάσκονται θέματα οργάνωσης των κατασκηνώσεων, αναψυχής, υπαίθριων αθλητικών δραστηριοτήτων και εκπαίδευσης στελεχών παιδικών κατασκηνώσεων, καθώς και σε διοικητικά στελέχη κατασκηνώσεων που επιθυμούν να κατανοήσουν σε βάθος το αντίστοιχο θεωρητικό υπόβαθρο και να εφαρμόσουν στην πράξη μεθόδους διαδικασίες και στρατηγικές μάνατζμεντ και μάρκετινγκ στον συγκεκριμένο χώρο. Μπορεί να χρησιμοποιηθεί τόσο από μη εξοικειωμένους αναγνώστες όσο και από προχωρημένους επιστήμονες του κλάδου. Φοιτητές, διδάσκοντες, σπουδαστές και επαγγελματίες του χώρου των κατασκηνώσεων, της αναψυχής και της φιλοξενίας στον τουρισμό, μπορούν να βρουν στο βιβλίο αυτό, το απαραίτητο υλικό για την κατανόηση των εννοιών και την πρακτική εκπαίδευση σε θέματα που σχετίζονται με:- Ανάπτυξη του κατασκηνωτικού θεσμού- Υπηρεσίες των κατασκηνώσεων- Μάνατζμεντ κατασκηνώσεων- Μάρκετινγκ κατασκηνώσεων- Σχεδιασμό και υλοποίηση προγραμμάτων αναψυχής- Δραστηριότητες της αναψυχής- Παιχνίδια- Λειτουργία παιδικών κατασκηνώσεων- Εκπαίδευση στελεχών παιδικών κατασκηνώσεων- Αγωγή παιδιών και εφήβων</subfield>
  </datafield>
  <datafield tag="650" ind1=" " ind2="0">
   <subfield code="a">Camps</subfield>
   <subfield code="x">Management</subfield>
   <subfield code="8">2314</subfield>
  </datafield>
  <datafield tag="653" ind1=" " ind2=" ">
   <subfield code="a">Παιχνίδια</subfield>
  </datafield>
  <datafield tag="653" ind1=" " ind2=" ">
   <subfield code="a">Αγωγή παιδιών και εφήβων</subfield>
  </datafield>
  <datafield tag="653" ind1=" " ind2=" ">
   <subfield code="a">Εκπαίδευση στελεχών παιδικών κατασκηνώσεων</subfield>
  </datafield>
  <datafield tag="653" ind1=" " ind2=" ">
   <subfield code="a">Αναψυχή</subfield>
  </datafield>
  <datafield tag="653" ind1=" " ind2=" ">
   <subfield code="a">Μάρκετινγκ</subfield>
  </datafield>
  <datafield tag="653" ind1=" " ind2=" ">
   <subfield code="a">Μάνατζμεντ</subfield>
  </datafield>
  <datafield tag="653" ind1=" " ind2=" ">
   <subfield code="a">Κατασκηνώσεις</subfield>
  </datafield>
  <datafield tag="653" ind1=" " ind2=" ">
   <subfield code="a">Επιστήμες της ζωής</subfield>
   <subfield code="a">Αθλητική επιστήμη/επιστήμη φυσικής αγωγής και αθλητισμού</subfield>
  </datafield>
  <datafield tag="700" ind1="1" ind2=" ">
   <subfield code="a">Κουθούρης Χαρίλαος</subfield>
   <subfield code="e">Κριτικός αναγνώστης</subfield>
   <subfield code="8">859</subfield>
  </datafield>
  <datafield tag="856" ind1="4" ind2="0">
   <subfield code="u">http://hdl.handle.net/11419/4162</subfield>
   <subfield code="z">Πλήρες Κείμενο - Full text</subfield>
  </datafield>
  <datafield tag="907" ind1=" " ind2=" ">
   <subfield code="a">.b25680389</subfield>
   <subfield code="b">12-06-18</subfield>
   <subfield code="c">29-07-16</subfield>
  </datafield>
  <datafield tag="949" ind1=" " ind2=" ">
   <subfield code="0">0</subfield>
   <subfield code="1">0</subfield>
   <subfield code="2">ddc</subfield>
   <subfield code="4">0</subfield>
   <subfield code="6">796_540000000000000_ΙΩΑ</subfield>
   <subfield code="7">0</subfield>
   <subfield code="8">KALL</subfield>
   <subfield code="8">797</subfield>
   <subfield code="d">2016-04-13</subfield>
   <subfield code="r">2016-04-13</subfield>
   <subfield code="w">2016-04-13</subfield>
   <subfield code="z">796.54 ΙΩΑ</subfield>
   <subfield code="o">SEAB KALLIPOS</subfield>
  </datafield>
  <datafield tag="998" ind1=" " ind2=" ">
   <subfield code="a">80</subfield>
   <subfield code="a">01</subfield>
   <subfield code="a">02</subfield>
   <subfield code="a">03</subfield>
   <subfield code="a">04</subfield>
   <subfield code="a">05</subfield>
   <subfield code="a">06</subfield>
   <subfield code="a">07</subfield>
   <subfield code="a">08</subfield>
   <subfield code="a">09</subfield>
   <subfield code="a">10</subfield>
   <subfield code="a">11</subfield>
   <subfield code="a">12</subfield>
   <subfield code="a">13</subfield>
   <subfield code="a">14</subfield>
   <subfield code="a">15</subfield>
   <subfield code="a">16</subfield>
   <subfield code="a">17</subfield>
   <subfield code="a">18</subfield>
   <subfield code="a">19</subfield>
   <subfield code="a">20</subfield>
   <subfield code="a">21</subfield>
   <subfield code="a">22</subfield>
   <subfield code="a">23</subfield>
   <subfield code="a">24</subfield>
   <subfield code="a">25</subfield>
   <subfield code="a">26</subfield>
   <subfield code="b">16-05-17</subfield>
   <subfield code="c">m</subfield>
   <subfield code="d">z  </subfield>
   <subfield code="e">-</subfield>
   <subfield code="f">gre</subfield>
   <subfield code="g">gr </subfield>
   <subfield code="h">0</subfield>
  </datafield>
  <datafield tag="942" ind1=" " ind2=" ">
   <subfield code="2">ddc</subfield>
   <subfield code="c">KALLIPOS</subfield>
  </datafield>
 </record>
</collection>
